Автомобили СССР. [1]: Автомобиль "Волга" (Запись № 8168878)

Подробности
000 -МАРКЕР
контрольное поле 01814nam2a22002891 4500
001 - ИДЕНТИФИКАТОР ЗАПИСИ
контрольное поле rc\4317842
005 - ИДЕНТИФИКАТОР ВЕРСИИ
контрольное поле 20250612045408.0
021 ## - НОМЕР ГОСУДАРСТВЕННОЙ РЕГИСТРАЦИИ
Код страны Российская Федерация
Номер [63-44282]
035 ## - ДРУГИЕ СИСТЕМНЫЕ НОМЕРА
Идентификатор записи (NLR Aleph) 008510973
100 ## - ДАННЫЕ ОБЩЕЙ ОБРАБОТКИ
Данные общей обработки 20130416d1963 |||y0rusy50 ca
101 0# - ЯЗЫК РЕСУРСА
Язык текста, звукозаписи и т.д. русский
102 ## - СТРАНА ПУБЛИКАЦИИ ИЛИ ПРОИЗВОДСТВА
Страна публикации Российская Федерация
105 ## - ПОЛЕ КОДИРОВАННЫХ ДАННЫХ: ТЕКСТОВЫЕ МАТЕРИАЛЫ, МОНОГРАФИЧЕСКИЕ
Кодированные данные о монографическом текстовом документе a z |||||
200 1# - ЗАГЛАВИЕ И СВЕДЕНИЯ ОБ ОТВЕТСТВЕННОСТИ
Основное заглавие Автомобиль "Волга"
Сведения, относящиеся к заглавию Конструктивные изменения и взаимозаменяемость деталей, узлов и агрегатов
Первые сведения об ответственности [Сост. Г.Н. Адестов, В.И. Борисов, Б.А. Дехтяр. и др.]
210 ## - ПУБЛИКАЦИЯ, РАСПРОСТРАНЕНИЕ И ДР.
Дата издания, распространения и т.д. 1963
Место издания, распространения и т.д. Б. м.
215 ## - ФИЗИЧЕСКАЯ ХАРАКТЕРИСТИКА
Специфическое обозначение материала и объем 110 с.
Другие сведения о физической характеристике ил.
461 #0 - УРОВЕНЬ НАБОРА
Встроенное поле 001rc\4317841
-- 2001#$aАвтомобили СССР$eКаталог-справочник$fЦентр. ин-т науч.-техн. информации по автоматизации и машиностроению ЦБТИ Гос. ком. по автоматизации и машиностроению при Госплане СССР$v[1]
Системный номер (АБИС) связанной записи 8168873
Место публикации Москва
Дата публикации 1963
Первые сведения об ответственности Центр. ин-т науч.-техн. информации по автоматизации и машиностроению ЦБТИ Гос. ком. по автоматизации и машиностроению при Госплане СССР
Имя издателя, распространителя и т.д. Б. и.
Сведения, относящиеся к заглавию Каталог-справочник
Заглавие Автомобили СССР
Номер тома [1]
702 #1 - ИМЯ ЛИЦА - ВТОРИЧНАЯ ОТВЕТСТВЕННОСТЬ
Код отношения Составитель
Графика поля Кириллица
Материалы, к которым относится поле rus
Начальный элемент ввода Борисов
Часть имени, кроме начального элемента ввода В. И.
Дополнения к именам, кроме дат инженер-конструктор, автомобилестроение
Даты 1913-1996
Расширение инициалов личного имени Виталий Иванович
Системный номер авторитетной/нормативной записи 235305
Идентификатор авторитетной/нормативной записи RU\NLR\AUTH\770235361
702 #1 - ИМЯ ЛИЦА - ВТОРИЧНАЯ ОТВЕТСТВЕННОСТЬ
Начальный элемент ввода Адестов
Часть имени, кроме начального элемента ввода Г.Н.
Код отношения Составитель
702 #1 - ИМЯ ЛИЦА - ВТОРИЧНАЯ ОТВЕТСТВЕННОСТЬ
Начальный элемент ввода Дехтяр
Часть имени, кроме начального элемента ввода Б.А.
Код отношения Составитель
801 #0 - ИСТОЧНИК ЗАПИСИ
Страна Российская Федерация
Организация NLR
Правила каталогизации psbo
801 #1 - ИСТОЧНИК ЗАПИСИ
Страна Российская Федерация
Организация ELAR
Источник данных rusmarc
852 ## - МЕСТОНАХОЖДЕНИЕ И ШИФР ХРАНЕНИЯ
Идентификатор организации NLR
Шифр хранения (Call Number) Пт 86.3/194
942 ## - ДОПОЛНИТЕЛЬНЫЕ ЭЛЕМЕНТЫ ЗАПИСИ (АБИС)
Тип экземпляра АБИС Книга
980 ## - КОЛЛЕКЦИЯ
Название коллекции Национальная библиография
Экземпляры
Тип экземпляра Дата поступления Библиотека постоянного хранения Библиотека текущего хранения Место хранения Шифр хранения Штрих-код Статус экземпляра
Книга 26.10.2013 РНБ (Московский) РНБ (Московский) Фонд нормативно-технических и технических документов Пт 86.3/194 8510973-10